[Event "16th Unive op"]
[Site "Hoogeveen NED"]
[Date "2012.10.24"]
[Round "6.39"]
[White "Haver, Daan"]
[Black "Djuric, Olgica"]
[Result "1-0"]
[WhiteElo "1985"]
[BlackElo "1880"]
[EventDate "2012.10.19"]
[PlyCount "49"]

1.e4 d5 2.exd5 Qxd5 3.Nf3 Bg4 4.Be2 Nf6 5.d4 Nc6 6.O-O O-O-O 7.Be3 Qh5 8.
h3 Bxf3 9.Bxf3 Qb5 10.b3 Ne5 11.Be2 Qe8 12.c4 e6 13.Qc2 Ned7 14.a3 h6 15.
b4 g5 16.Nc3 Bg7 17.b5 Nb6 18.a4 Ng8 19.a5 Na8 20.Bf3 Ne7 21.a6 c6 22.
axb7+ Kxb7 23.Qa4 Nc7 24.Qxa7+ Kc8 25.b6 1-0

[Event "16th Unive op"]
[Site "Hoogeveen NED"]
[Date "2012.10.25"]
[Round "7.2"]
[White "Willemze, Thomas"]
[Black "Riemersma, Liafbern"]
[Result "1/2-1/2"]
[WhiteElo "2377"]
[BlackElo "2420"]
[EventDate "2012.10.19"]
[PlyCount "37"]

1.e4 c6 2.d4 d5 3.Nd2 dxe4 4.Nxe4 Bf5 5.Ng3 Bg6 6.h4 h6 7.Nf3 Nd7 8.h5 Bh7
9.Bd3 Bxd3 10.Qxd3 e6 11.Bd2 Ngf6 12.O-O-O Be7 13.Kb1 O-O 14.Ne4 Nxe4 15.
Qxe4 Nf6 16.Qe2 Qd5 17.Be3 Ng4 18.Bc1 Rad8 19.Ne5 1/2-1/2

[Event "16th Unive op"]
[Site "Hoogeveen NED"]
[Date "2012.10.25"]
[Round "7.5"]
[White "Grandelius, Nils"]
[Black "Hendriks, Willy"]
[Result "1-0"]
[WhiteElo "2593"]
[BlackElo "2437"]
[EventDate "2012.10.19"]
[PlyCount "87"]

1.d4 Nf6 2.Nf3 c5 3.d5 g6 4.Nc3 d6 5.e4 Bg7 6.Bb5+ Bd7 7.a4 O-O 8.O-O Bg4 
9.Be2 Nbd7 10.Nd2 Bxe2 11.Qxe2 Ne8 12.Nc4 Nc7 13.Bf4 a6 14.Bg3 f5 15.exf5 
Rxf5 16.Rad1 Qf8 17.Ne3 Rf7 18.Ne4 Rf4 19.Bxf4 Qxf4 20.Nc4 b5 21.Na5 Ne5 
22.g3 Qf3 23.Qxf3 Nxf3+ 24.Kg2 Ne5 25.b3 Rb8 26.f4 Ng4 27.Rfe1 Rb6 28.Re2 
Nf6 29.Nxf6+ Bxf6 30.Re4 Kf8 31.axb5 Nxb5 32.Rd3 Nd4 33.Rd2 h5 34.h3 Rb5 
35.Nc4 Rb8 36.g4 hxg4 37.hxg4 g5 38.fxg5 Bxg5 39.Rf2+ Kg7 40.Ne3 Rb7 41.
Nf5+ Nxf5 42.Rxf5 Kg6 43.Rf8 Bf6 44.Ra8 1-0

[Event "16th Unive op"]
[Site "Hoogeveen NED"]
[Date "2012.10.25"]
[Round "7.6"]
[White "Van Kampen, Robin"]
[Black "Afek, Yochanan"]
[Result "1-0"]
[WhiteElo "2570"]
[BlackElo "2312"]
[EventDate "2012.10.19"]
[PlyCount "51"]

1.e4 c5 2.Nf3 d6 3.d4 cxd4 4.Nxd4 Nf6 5.Nc3 g6 6.Be3 Bg7 7.f3 Nc6 8.Qd2 
Nxd4 9.Bxd4 Be6 10.g4 O-O 11.h4 Qa5 12.h5 Rac8 13.a3 a6 14.O-O-O b5 15.Kb1
b4 16.axb4 Qxb4 17.Nd5 Qb7 18.h6 Bh8 19.Bxa6 Qd7 20.Bxc8 Rxc8 21.Bxf6 exf6
22.Qd4 Bxd5 23.Qxd5 Qa4 24.c3 Ra8 25.Rd4 Qe8 26.Qxd6 1-0

[Event "16th Unive op"]
[Site "Hoogeveen NED"]
[Date "2012.10.25"]
[Round "7.7"]
[White "Schoorl, Rob"]
[Black "Guramishvili, Sopiko"]
[Result "1/2-1/2"]
[WhiteElo "2363"]
[BlackElo "2418"]
[EventDate "2012.10.19"]
[PlyCount "108"]

1.e4 e5 2.Nf3 Nc6 3.Bb5 a6 4.Ba4 Nf6 5.O-O Be7 6.Re1 b5 7.Bb3 d6 8.c3 O-O 
9.a3 Bb7 10.d4 Na5 11.Bc2 Nd7 12.Nbd2 exd4 13.cxd4 c5 14.d5 Bf6 15.Rb1 c4 
16.Nf1 Re8 17.Be3 Bc8 18.Nd4 Nc5 19.Ng3 g6 20.f4 h5 21.Nf3 h4 22.Bxc5 dxc5
23.Nf1 Bg7 24.e5 h3 25.g3 Qb6 26.e6 fxe6 27.Bxg6 Rd8 28.Ng5 Rxd5 29.Qh5 
Ra7 30.Bf7+ Kf8 31.Nh7+ Ke7 32.Qxd5 Bd4+ 33.Kh1 Kxf7 34.Ng5+ Kg8 35.Qf3 
Bb7 36.Ne4 Bd5 37.Qg4+ Rg7 38.Qxh3 Nb3 39.Re2 b4 40.Qh5 Qc6 41.Qf3 bxa3 
42.bxa3 c3 43.Rxb3 Bxb3 44.Ne3 Kh8 45.Nc2 Bd5 46.Kg2 Rb7 47.Kh3 Rh7+ 48.
Kg2 Rb7 49.Kh3 Rh7+ 50.Kg2 Qa4 51.h4 Bc4 52.Ng5 Bd5 53.Ne4 Bc4 54.Ng5 Bd5 
1/2-1/2

[Event "16th Unive op"]
[Site "Hoogeveen NED"]
[Date "2012.10.25"]
[Round "7.8"]
[White "De Jong, Migchiel"]
[Black "Van Foreest, Lucas"]
[Result "1-0"]
[WhiteElo "2369"]
[BlackElo "1952"]
[EventDate "2012.10.19"]
[PlyCount "49"]

1.e4 e5 2.Nf3 Nc6 3.Bb5 a6 4.Ba4 Nf6 5.d3 d6 6.c4 Be7 7.Nc3 O-O 8.h3 Bd7 
9.Be3 Ne8 10.g4 g6 11.Nd5 Ng7 12.Bh6 Rb8 13.Qd2 b5 14.cxb5 axb5 15.Bb3 Kh8
16.d4 exd4 17.Nxd4 Ne5 18.f4 Bh4+ 19.Kf1 Nc4 20.Bxc4 bxc4 21.Qc3 Rg8 22.g5
f6 23.Nxf6 Rf8 24.Bxg7+ Kxg7 25.Nf3 1-0

[Event "16th Unive op"]
[Site "Hoogeveen NED"]
[Date "2012.10.25"]
[Round "7.10"]
[White "Lindgren, Philip"]
[Black "Van Delft, Merijn"]
[Result "0-1"]
[WhiteElo "2265"]
[BlackElo "2395"]
[EventDate "2012.10.19"]
[PlyCount "50"]

1.d4 d5 2.c4 c6 3.Nf3 Nf6 4.Nc3 e6 5.Bg5 h6 6.Bh4 dxc4 7.e4 g5 8.Bg3 b5 9.
Be2 Bb7 10.h4 g4 11.Ne5 Rg8 12.O-O Nbd7 13.Nxg4 b4 14.Na4 Nxe4 15.Bxc4 h5 
16.Ne5 Nxe5 17.Bxe5 Qxh4 18.Qc2 Bd6 19.Bxd6 Nxd6 20.Rfe1 Nxc4 21.Qxc4 
O-O-O 22.Rad1 Rxg2+ 23.Kxg2 c5+ 24.Kf1 Qh3+ 25.Ke2 Qg4+ 0-1

[Event "16th Unive op"]
[Site "Hoogeveen NED"]
[Date "2012.10.25"]
[Round "7.11"]
[White "Vedder, Henk"]
[Black "Ben Artzi, Ido"]
[Result "0-1"]
[WhiteElo "2378"]
[BlackElo "2286"]
[EventDate "2012.10.19"]
[PlyCount "78"]

1.Nf3 Nf6 2.c4 e6 3.b3 d5 4.Bb2 c5 5.e3 Nc6 6.d3 d4 7.Be2 e5 8.O-O Bd6 9.
exd4 exd4 10.Nbd2 h6 11.Re1 O-O 12.a3 Bf5 13.Nf1 Qd7 14.Ng3 Bh7 15.Bf1 
Rfe8 16.Qd2 b6 17.Rxe8+ Rxe8 18.Rb1 Ng4 19.Re1 Nge5 20.Nxe5 Nxe5 21.Kh1 
Re6 22.Ne4 Bb8 23.Ng3 Qe7 24.h3 Qh4 25.Kg1 Qe7 26.Kh1 h5 27.Nxh5 Bxd3 28.
Qf4 Bg6 29.Ng3 Bd6 30.Qc1 Nd3 31.Rxe6 Nxf2+ 32.Kg1 fxe6 33.Nh1 Nxh1 34.
Kxh1 Qh4 35.Be2 Qg3 36.Qg1 Bf5 37.Bc1 Bxh3 38.Bd2 Bf5 39.Be1 Qf4 0-1

[Event "16th Unive op"]
[Site "Hoogeveen NED"]
[Date "2012.10.25"]
[Round "7.14"]
[White "Van Foreest, Jorden"]
[Black "Bezemer, Arno J"]
[Result "1/2-1/2"]
[WhiteElo "2225"]
[BlackElo "2329"]
[EventDate "2012.10.19"]
[PlyCount "64"]

1.c4 e5 2.Nc3 d6 3.g3 f5 4.Bg2 Nf6 5.d3 Be7 6.Nf3 O-O 7.O-O Qe8 8.Rb1 Qh5 
9.b4 f4 10.Nd5 Nxd5 11.cxd5 Bh3 12.Qc2 Bd8 13.Bxh3 Qxh3 14.d4 Nd7 15.dxe5 
dxe5 16.Bb2 Rf5 17.Qa4 Rh5 18.Bxe5 g5 19.gxf4 Bf6 20.Bxc7 Re8 21.fxg5 Be5 
22.Bxe5 Rxe5 23.Kh1 Rxe2 24.Qb3 Ne5 25.d6+ Kg7 26.d7 Nxf3 27.Qg8+ Kxg8 28.
d8=Q+ Kg7 29.Qf6+ Kg8 30.Qd8+ Kf7 31.Qf6+ Ke8 32.Qh8+ Kf7 1/2-1/2

[Event "16th Unive op"]
[Site "Hoogeveen NED"]
[Date "2012.10.25"]
[Round "7.16"]
[White "Okkes, Menno"]
[Black "Van der Lende, Ilias"]
[Result "1-0"]
[WhiteElo "2368"]
[BlackElo "2169"]
[EventDate "2012.10.19"]
[PlyCount "107"]

1.Nf3 Nf6 2.c4 e6 3.g3 d5 4.d4 dxc4 5.Bg2 Be7 6.O-O O-O 7.Qc2 a6 8.Qxc4 b5
9.Qc2 Bb7 10.Bd2 Be4 11.Qc1 Nc6 12.e3 b4 13.Be1 Qd6 14.Nbd2 Bd3 15.Nc4 Qd8
16.Nfe5 Nxe5 17.Nxe5 Bxf1 18.Nc6 Qd6 19.Nxe7+ Qxe7 20.Bxa8 Rxa8 21.Qc6 Rb8
22.Kxf1 Rb6 23.Qa8+ Qe8 24.Qxe8+ Nxe8 25.Rc1 c6 26.a3 bxa3 27.bxa3 f5 28.
a4 a5 29.Rc5 Ra6 30.Rxa5 Nc7 31.Rxa6 Nxa6 32.Ke2 Kf7 33.f3 Ke7 34.e4 Kd6 
35.Kd3 fxe4+ 36.fxe4 e5 37.dxe5+ Kxe5 38.Bc3+ Kd6 39.Ke3 g6 40.Kf4 Ke6 41.
g4 h6 42.a5 c5 43.h4 h5 44.gxh5 gxh5 45.Kg5 c4 46.Kxh5 Nc5 47.Kg6 Kd6 48.
h5 Nxe4 49.a6 Kc6 50.h6 Nxc3 51.h7 Nb5 52.h8=Q Kb6 53.Qf6+ Ka5 54.Qa1+ 1-0

[Event "16th Unive op"]
[Site "Hoogeveen NED"]
[Date "2012.10.25"]
[Round "7.17"]
[White "Veinberg, Nimrod"]
[Black "Hopman, Pieter"]
[Result "0-1"]
[WhiteElo "2170"]
[BlackElo "2344"]
[EventDate "2012.10.19"]
[PlyCount "120"]

1.d4 d6 2.c4 e5 3.d5 Nd7 4.Nc3 a5 5.Nf3 Be7 6.e4 Ngf6 7.Bd3 Nc5 8.Bc2 Bg4 
9.O-O O-O 10.a3 h6 11.Rb1 Nh7 12.b4 axb4 13.axb4 Nd7 14.h3 Bh5 15.g4 Bg6 
16.Kg2 h5 17.Qd2 Qc8 18.Qe2 Re8 19.Be3 hxg4 20.hxg4 Nb6 21.Kg3 Nf6 22.Nd2 
Nbd7 23.Rfc1 Nh7 24.Nb3 Qd8 25.c5 Bg5 26.Qd2 Bf4+ 27.Bxf4 exf4+ 28.Qxf4 
Ne5 29.Na5 Rb8 30.c6 b6 31.Nb3 Nf6 32.f3 Bh7 33.Rh1 Bg6 34.Rh3 Ra8 35.Rbh1
Kf8 36.Nd4 Qc8 37.Rb1 Ke7 38.Ndb5 Qd8 39.Qg5 Nc4 40.Bb3 Na3 41.Nxa3 Rxa3 
42.Nb5 Ra8 43.Re1 Kf8 44.Rh8+ Ke7 45.Rxe8+ Kxe8 46.e5 Ne4+ 47.fxe4 Qxg5 
48.Nxc7+ Kd8 49.Nxa8 Qxe5+ 50.Kf3 Qf6+ 51.Kg2 Qb2+ 52.Kf1 Qxb3 53.Rc1 Qf3+
54.Ke1 Qxe4+ 55.Kd2 Qf4+ 56.Kd1 Qxg4+ 57.Ke1 Qe4+ 58.Kd2 Qxd5+ 59.Ke1 Qe4+
60.Kd2 Qxb4+ 0-1

[Event "16th Unive op"]
[Site "Hoogeveen NED"]
[Date "2012.10.25"]
[Round "7.18"]
[White "Lee, Kai Jie Edward"]
[Black "Vedder, Richard"]
[Result "1/2-1/2"]
[WhiteElo "2143"]
[BlackElo "2267"]
[EventDate "2012.10.19"]
[PlyCount "171"]

1.e4 e5 2.Nf3 Nc6 3.Bb5 a6 4.Ba4 Nf6 5.d3 d6 6.c3 Be7 7.O-O O-O 8.Re1 Bg4 
9.h3 Bh5 10.Nbd2 b5 11.Bc2 d5 12.Nf1 Qd6 13.Ng3 Bg6 14.Nh4 d4 15.Nhf5 Qd7 
16.Qf3 Rfd8 17.h4 h5 18.Bg5 Ng4 19.Nxe7+ Nxe7 20.Bb3 Kh8 21.c4 f6 22.Bd2 
c5 23.Qe2 Rf8 24.Rec1 b4 25.f3 Nh6 26.Rf1 Bf7 27.a3 a5 28.a4 Kh7 29.Bd1 g6
30.Bxh6 Kxh6 31.Kh2 Nc6 32.Qd2+ Kg7 33.Ne2 Qe7 34.g3 Be6 35.f4 exf4 36.
Nxf4 Ne5 37.b3 Rh8 38.Be2 Raf8 39.Rf2 Bg4 40.Nd5 Qd8 41.Kg2 Rf7 42.Raf1 
Rhf8 43.Bxg4 hxg4 44.h5 Nf3 45.Qf4 Qd7 46.Rxf3 gxf3+ 47.Qxf3 gxh5 48.Rh1 
Qg4 49.Rxh5 Qxf3+ 50.Kxf3 f5 51.e5 Kg6 52.Nf4+ Kg7 53.Nd5 Kg6 54.Rh4 Re8 
55.Kf4 Rff8 56.Rh2 Rh8 57.Re2 Re6 58.Kf3 Ree8 59.e6 Kg5 60.e7 Rh7 61.Re6 
Rf7 62.Re5 Kg6 63.Kf4 Rh7 64.Re6+ Kf7 65.Rf6+ Kg7 66.Kxf5 Rh1 67.Re6 Kf7 
68.Re2 Rd1 69.Rf2 Rxe7 70.Nxe7 Kxe7 71.Rf3 Rb1 72.g4 Rxb3 73.Ke4 Ke6 74.
Rf1 Rb2 75.Rg1 Re2+ 76.Kf4 Kf6 77.Rh1 Re3 78.Rh6+ Kg7 79.Rh5 Rxd3 80.Rxc5 
Rc3 81.Ke4 d3 82.Ke3 b3 83.Kd2 b2 84.Rb5 Rxc4 85.Rxb2 Rxa4 86.Kxd3 1/2-1/2

[Event "16th Unive op"]
[Site "Hoogeveen NED"]
[Date "2012.10.25"]
[Round "7.19"]
[White "Timmermans, Ivo"]
[Black "Kollen, Zyon"]
[Result "1/2-1/2"]
[WhiteElo "2254"]
[BlackElo "2174"]
[EventDate "2012.10.19"]
[PlyCount "76"]

1.e4 e6 2.d4 d5 3.e5 c5 4.c3 Qb6 5.Nf3 Nc6 6.a3 c4 7.Nbd2 Na5 8.g3 Bd7 9.
Bh3 Ne7 10.O-O h6 11.Re1 O-O-O 12.Nh4 g6 13.Ng2 h5 14.Nf3 Nb3 15.Rb1 Nxc1 
16.Qxc1 Bh6 17.Ng5 Ba4 18.f4 Bxg5 19.fxg5 Nf5 20.Bxf5 gxf5 21.h4 Qb3 22.
Nf4 Bd7 23.Qd2 Rh7 24.Qd1 Qxd1 25.Rbxd1 Ba4 26.Rd2 Kd7 27.Kf2 Rhh8 28.g6 
fxg6 29.Nxg6 Rh6 30.Nf4 Rg8 31.Nh3 Rg4 32.Re3 Rh8 33.Rf3 Ke7 34.Ng5 a5 35.
Rf4 Be8 36.Kg2 Rxf4 37.gxf4 Rg8 38.Kf1 a4 1/2-1/2

[Event "16th Unive op"]
[Site "Hoogeveen NED"]
[Date "2012.10.25"]
[Round "7.20"]
[White "Majhi, Ankit"]
[Black "Heemskerk, Wim"]
[Result "1/2-1/2"]
[WhiteElo "1923"]
[BlackElo "2254"]
[EventDate "2012.10.19"]
[PlyCount "85"]

1.e4 e6 2.d4 d5 3.Nc3 Nf6 4.Bg5 Bb4 5.e5 h6 6.Bd2 Bxc3 7.bxc3 Ne4 8.Bd3 
Nxd2 9.Qxd2 c5 10.f4 Qa5 11.Nf3 Nc6 12.g4 b6 13.Rg1 Ba6 14.h4 Bxd3 15.cxd3
Rc8 16.dxc5 Qxc5 17.Ke2 Ne7 18.Rac1 h5 19.g5 g6 20.c4 O-O 21.a4 dxc4 22.
Rxc4 Qd5 23.Rgc1 Rxc4 24.Rxc4 Nf5 25.Qc2 Kg7 26.Kf2 Rd8 27.d4 Rd7 28.Qd3 
Qb7 29.Qc2 Ne7 30.Qd3 Qa6 31.Qc2 Nd5 32.Nd2 Nxf4 33.Ne4 Nd5 34.Nf6 Rd8 35.
Qe2 Nf4 36.Qc2 Qb7 37.Ne4 Qe7 38.Rc7 Rd7 39.Rc8 Rd8 40.Nf6 Nd5 41.Qc6 Rxc8
42.Qxc8 Qf8 43.Ne8+ 1/2-1/2

[Event "16th Unive op"]
[Site "Hoogeveen NED"]
[Date "2012.10.25"]
[Round "7.21"]
[White "Hendriks, Richard V"]
[Black "Clemens, Adrian HP"]
[Result "0-1"]
[WhiteElo "2123"]
[BlackElo "2213"]
[EventDate "2012.10.19"]
[PlyCount "94"]

1.e4 c6 2.d4 d5 3.Nc3 dxe4 4.Nxe4 Bf5 5.Ng3 Bg6 6.Bc4 e6 7.Nh3 Nf6 8.Nf4 
Bd6 9.c3 Qc7 10.Nxg6 hxg6 11.Qf3 Nbd7 12.Bg5 O-O-O 13.O-O-O Rde8 14.Bb3 
Kb8 15.Kb1 Ka8 16.h4 Qa5 17.Rhe1 Rhf8 18.Bd2 a6 19.Bc2 Qb6 20.Bc1 Rh8 21.
Bg5 Rhf8 22.Bc1 e5 23.Bb3 Re7 24.Be3 Qc7 25.Bg5 exd4 26.Rxe7 Bxe7 27.cxd4 
Nb6 28.Rc1 Qd7 29.Ne2 Nfd5 30.Bxe7 Qxe7 31.g3 Rd8 32.a3 f6 33.Bc2 Nc4 34.
Ka2 Nxa3 35.Bxg6 Nb5 36.Kb1 Qb4 37.Be4 Nxd4 38.Nxd4 Qxd4 39.Bc2 Nb4 40.Rd1
Qb6 41.Qb3 Rxd1+ 42.Bxd1 Qd4 43.f4 a5 44.h5 Ka7 45.Qf3 b5 46.g4 Kb6 47.g5 
Nd3 0-1

[Event "16th Unive op"]
[Site "Hoogeveen NED"]
[Date "2012.10.25"]
[Round "7.22"]
[White "Bosboom, Manuel"]
[Black "Donker, Roel"]
[Result "1-0"]
[WhiteElo "2402"]
[BlackElo "2228"]
[EventDate "2012.10.19"]
[PlyCount "53"]

1.c4 e5 2.b3 Nc6 3.Bb2 f5 4.g3 Nf6 5.Bg2 Bc5 6.e3 d6 7.a3 f4 8.b4 fxe3 9.
dxe3 Bb6 10.Qc2 O-O 11.h3 Ne7 12.Nd2 Bf5 13.Qc3 c6 14.Ne2 Qe8 15.g4 Be6 
16.Ng3 a5 17.Rd1 axb4 18.axb4 Ng6 19.g5 Nh4 20.gxf6 Nxg2+ 21.Kf1 Bxe3 22.
fxe3 Qg6 23.Kxg2 h5 24.Ne4 Bf5 25.Nxd6 Bc2 26.c5 h4 27.Qc4+ 1-0

[Event "16th Unive op"]
[Site "Hoogeveen NED"]
[Date "2012.10.25"]
[Round "7.23"]
[White "Van der Poel, Henk"]
[Black "Sadallah, Osama"]
[Result "1/2-1/2"]
[WhiteElo "2306"]
[BlackElo "2126"]
[EventDate "2012.10.19"]
[PlyCount "58"]

1.e4 d5 2.exd5 Qxd5 3.Nf3 Bg4 4.Be2 Nc6 5.d4 O-O-O 6.c4 Qf5 7.O-O Nxd4 8.
Nxd4 Bxe2 9.Qxe2 Rxd4 10.Be3 Rd8 11.Nc3 a6 12.c5 e6 13.Rfd1 Bxc5 14.Rxd8+ 
Kxd8 15.Bxc5 Qxc5 16.Qf3 Kc8 17.Qxf7 Qe7 18.Qf4 Nf6 19.Re1 Re8 20.h3 h6 
21.b4 Qd6 22.Qc4 e5 23.Rd1 Qe6 24.Qc5 b6 25.Qe3 e4 26.a4 g5 27.Rc1 Nd5 28.
Nxd5 Qxd5 29.Qxb6 Qd1+ 1/2-1/2

[Event "16th Unive op"]
[Site "Hoogeveen NED"]
[Date "2012.10.25"]
[Round "7.24"]
[White "Grant, Jonathan"]
[Black "Potze, Rudolf"]
[Result "1-0"]
[WhiteElo "2217"]
[BlackElo "2124"]
[EventDate "2012.10.19"]
[PlyCount "89"]

1.c4 g6 2.Nc3 Bg7 3.g3 e5 4.Bg2 Nc6 5.e4 d6 6.Nge2 Nge7 7.d3 O-O 8.O-O a5 
9.Be3 Nd4 10.Qd2 c6 11.h3 Bxh3 12.Bg5 Be6 13.Nxd4 exd4 14.Ne2 f6 15.Bh6 c5
16.Bxg7 Kxg7 17.f4 Bg4 18.Rae1 h6 19.Kf2 Rb8 20.a4 Qd7 21.b3 Nc6 22.Rh1 
Rbe8 23.Rh4 g5 24.Rh2 Qe7 25.Reh1 Rh8 26.Ke1 Kg6 27.Kd1 Qc7 28.Kc1 Qb6 29.
fxg5 fxg5 30.Nf4+ Kg7 31.Bh3 Bxh3 32.Rxh3 Qxb3 33.Nh5+ Kg6 34.g4 Nb4 35.
Qb2 Qxa4 36.Kd2 Ref8 37.Ke2 Rf2+ 38.Kxf2 Rf8+ 39.Kg2 Qd7 40.Qe2 a4 41.Ng3 
Rh8 42.Nf5 h5 43.Rxh5 Rxh5 44.Rxh5 Kf6 45.Rh6+ 1-0

[Event "16th Unive op"]
[Site "Hoogeveen NED"]
[Date "2012.10.25"]
[Round "7.25"]
[White "Go, Benjamin"]
[Black "Schoehuys, Erik"]
[Result "0-1"]
[WhiteElo "2175"]
[BlackElo "2123"]
[EventDate "2012.10.19"]
[PlyCount "154"]

1.e4 e5 2.Nf3 Nc6 3.Nc3 Nf6 4.d4 exd4 5.Nd5 Be7 6.Nxd4 Nxd5 7.exd5 Nxd4 8.
Qxd4 O-O 9.Be2 Bf6 10.Qd3 d6 11.c3 Re8 12.O-O a6 13.Be3 g6 14.Rfe1 Bf5 15.
Qd2 Qd7 16.h3 h5 17.Bf3 Qb5 18.Rad1 Qc4 19.Be2 Qa4 20.b3 Qa5 21.Rc1 Re7 
22.a4 Rae8 23.Bd1 Re5 24.Bf3 R5e7 25.Bd1 Be4 26.f3 Bd3 27.Qxd3 Rxe3 28.
Rxe3 Qb6 29.a5 Qa7 30.Kf1 Rxe3 31.Qc4 Re7 32.Rc2 Re3 33.Be2 Qb8 34.Bd3 Qe8
35.Be4 Qe5 36.Kf2 Bg5 37.h4 Bh6 38.Qd4 Qh2 39.Bd3 Re5 40.Re2 Bf4 41.Kf1 
Qh1+ 42.Qg1 Qxh4 43.c4 Qg5 44.g4 h4 45.Kg2 Rxe2+ 46.Bxe2 Qe5 47.Bd1 Bd2 
48.Qf2 Be1 49.f4 Qc3 50.Qf3 Qxa5 51.Qe3 Bd2 52.Qf3 Qa2 53.Kh3 Be1 54.Qe2 
Qxe2 55.Bxe2 c6 56.dxc6 bxc6 57.Bf3 c5 58.Bb7 a5 59.Bg2 Kg7 60.g5 f5 61.
gxf6+ Kxf6 62.Kg4 Bd2 63.Be4 h3 64.Kxh3 Bxf4 65.Kg4 g5 66.Kf3 Ke5 67.Bd5 
Kd4 68.Bc6 Bh2 69.Kg4 Bf4 70.Kf5 Bd2 71.Kg4 Bf4 72.Kf5 Kc3 73.Ba4 Kb4 74.
Ke4 Bc1 75.Kd5 g4 76.Kxd6 g3 77.Bc6 Be3 0-1

[Event "16th Unive op"]
[Site "Hoogeveen NED"]
[Date "2012.10.25"]
[Round "7.26"]
[White "Van der Raaf, Erik"]
[Black "Baskin, Robert"]
[Result "1/2-1/2"]
[WhiteElo "2163"]
[BlackElo "2071"]
[EventDate "2012.10.19"]
[PlyCount "26"]

1.d4 Nf6 2.Nc3 d5 3.Bg5 Nbd7 4.f3 c5 5.dxc5 e6 6.e4 Bxc5 7.exd5 O-O 8.Qd2 
exd5 9.Nxd5 Qe8+ 10.Be2 Qe5 11.O-O-O Ba3 12.Nc3 Bb4 13.h4 Nb6 1/2-1/2

[Event "16th Unive op"]
[Site "Hoogeveen NED"]
[Date "2012.10.25"]
[Round "7.27"]
[White "Vogel, Jaap"]
[Black "Henseler, Jorgen"]
[Result "1/2-1/2"]
[WhiteElo "2158"]
[BlackElo "2062"]
[EventDate "2012.10.19"]
[PlyCount "33"]

1.d4 Nf6 2.Nf3 g6 3.g3 Bg7 4.Bg2 O-O 5.O-O d5 6.Nbd2 Bf5 7.c4 c6 8.b3 Nbd7
9.Nh4 Be6 10.Bb2 Qb6 11.Qc2 Rac8 12.e4 dxe4 13.Nxe4 Nxe4 14.Qxe4 Bxc4 15.
bxc4 Qxb2 16.Qxe7 Nb6 17.Qxb7 1/2-1/2

[Event "16th Unive op"]
[Site "Hoogeveen NED"]
[Date "2012.10.25"]
[Round "7.28"]
[White "Vos, Tjark"]
[Black "Hovenga, Alje"]
[Result "1-0"]
[WhiteElo "2003"]
[BlackElo "2246"]
[EventDate "2012.10.19"]
[PlyCount "79"]

1.e4 c6 2.d4 d5 3.Nc3 dxe4 4.Nxe4 Nd7 5.Ng5 Ngf6 6.Bd3 e6 7.N1f3 Bd6 8.Qe2
h6 9.Ne4 Nxe4 10.Qxe4 Qc7 11.Bd2 b6 12.O-O-O Bb7 13.Ne5 Bxe5 14.dxe5 Nc5 
15.Qe2 Nxd3+ 16.Qxd3 c5 17.Qg3 O-O-O 18.Qxg7 Rhg8 19.Qxh6 Bxg2 20.Rhg1 
Qxe5 21.Bf4 Rxd1+ 22.Rxd1 Qf5 23.Rg1 Kb7 24.Be3 Rg4 25.Qf8 Rc4 26.c3 Qd3 
27.Qxf7+ Ka6 28.Rxg2 Qf1+ 29.Kd2 Qxg2 30.Qxe6 Rh4 31.Bxc5 Rxh2 32.b4 Qg5+ 
33.Kc2 Qd8 34.a4 Qc7 35.b5+ Kb7 36.Qd5+ Kc8 37.Bd4 Rh6 38.Be5 Qh7+ 39.Kb2 
Rg6 40.Qa8+ 1-0

[Event "16th Unive op"]
[Site "Hoogeveen NED"]
[Date "2012.10.25"]
[Round "7.29"]
[White "Vroombout, Enrico"]
[Black "Gieben, Stijn"]
[Result "1-0"]
[WhiteElo "2243"]
[BlackElo "2068"]
[EventDate "2012.10.19"]
[PlyCount "43"]

1.d4 d5 2.c4 c6 3.Nf3 Nf6 4.Nc3 e6 5.cxd5 exd5 6.Bg5 Be7 7.Qc2 O-O 8.e3 
Nbd7 9.Bd3 Re8 10.O-O h6 11.Bxf6 Nxf6 12.Rab1 Bd6 13.h3 b6 14.b4 Qe7 15.
Qb3 Be6 16.Rfc1 Ne4 17.Qb2 Bf5 18.Rc2 Qf6 19.b5 Bxh3 20.bxc6 Re6 21.Nxd5 
Qxf3 22.Ne7+ 1-0

[Event "16th Unive op"]
[Site "Hoogeveen NED"]
[Date "2012.10.25"]
[Round "7.30"]
[White "Kazarian, Anna-Maja"]
[Black "Mellema, Andries"]
[Result "1/2-1/2"]
[WhiteElo "1864"]
[BlackElo "2181"]
[EventDate "2012.10.19"]
[PlyCount "160"]

1.e4 e6 2.d4 d5 3.exd5 exd5 4.c4 Bb4+ 5.Nc3 Ne7 6.Bd3 Nbc6 7.Ne2 Be6 8.
cxd5 Nxd5 9.O-O Nce7 10.Ne4 O-O 11.Ng5 Bf5 12.Bxf5 Nxf5 13.Qd3 g6 14.Qh3 
Nf6 15.Rd1 Qe7 16.Nc3 Rfe8 17.Bf4 h5 18.Nf3 Bxc3 19.bxc3 Qe4 20.Bxc7 Nd5 
21.Be5 Nxc3 22.Ng5 Qc2 23.Qd3 Qxd3 24.Rxd3 Nd5 25.Ne4 Rad8 26.Rad1 Re6 27.
Nc5 Re7 28.Ne4 Re6 29.Nc5 Rb6 30.h3 f6 31.Bh2 Kf7 32.g4 Ng7 33.Ra3 a6 34.
Rf3 hxg4 35.hxg4 Ne6 36.Nxe6 Rxe6 37.g5 Ne7 38.Rxf6+ Rxf6 39.gxf6 Kxf6 40.
Be5+ Kf5 41.Kg2 Nc6 42.f4 g5 43.fxg5 Nxe5 44.Rf1+ Kxg5 45.dxe5 Re8 46.Rf7 
b5 47.Rf6 a5 48.Ra6 a4 49.e6 Kf4 50.Rb6 Ke3 51.Rxb5 Rxe6 52.Rb4 Rg6+ 53.
Kf1 Rf6+ 54.Ke1 Rh6 55.Kf1 Kf3 56.Kg1 Rg6+ 57.Kf1 Rh6 58.Kg1 Ra6 59.a3 Ke3
60.Kf1 Kd2 61.Kf2 Kc2 62.Ke3 Kc3 63.Ke2 Re6+ 64.Kf2 Rf6+ 65.Ke2 Re6+ 66.
Kf2 Ra6 67.Ke2 Ra5 68.Kf3 Kc2 69.Ke3 Re5+ 70.Kf3 Rf5+ 71.Ke3 Ra5 72.Ke2 
Re5+ 73.Kf3 Rf5+ 74.Ke3 Ra5 75.Ke2 Ra7 76.Ke3 Ra8 77.Ke2 Kc3 78.Ke3 Ra7 
79.Ke2 Re7+ 80.Kf3 Rf7+ 1/2-1/2

[Event "16th Unive op"]
[Site "Hoogeveen NED"]
[Date "2012.10.25"]
[Round "7.31"]
[White "Kasparova, Tatiana"]
[Black "Klapwijk, Bram"]
[Result "1-0"]
[WhiteElo "2126"]
[BlackElo "2039"]
[EventDate "2012.10.19"]
[PlyCount "83"]

1.e4 e6 2.d3 d5 3.Nd2 c5 4.Ngf3 Nc6 5.g3 g6 6.Bg2 Bg7 7.O-O Nge7 8.Re1 O-O
9.e5 Qc7 10.Qe2 g5 11.Nxg5 Qxe5 12.Qxe5 Nxe5 13.f4 N5c6 14.Ndf3 h6 15.Nh3 
Nb4 16.Re2 Nf5 17.Nf2 b6 18.c3 Nc6 19.Ne5 Bb7 20.Bd2 Rfe8 21.Nxc6 Bxc6 22.
Rae1 b5 23.Ng4 c4 24.d4 b4 25.Ne5 bxc3 26.bxc3 Ba4 27.Bc1 Rab8 28.g4 Nh4 
29.Bh1 h5 30.gxh5 Bh6 31.Kf2 Re7 32.Ng4 Nf5 33.Bxd5 Bf8 34.Bxc4 Rc7 35.Ne5
Nd6 36.Bd3 Rxc3 37.Rg1+ Kh8 38.Bb2 Rc7 39.d5 Bg7 40.h6 Bf6 41.Ng6+ fxg6 
42.Bxf6+ 1-0

[Event "16th Unive op"]
[Site "Hoogeveen NED"]
[Date "2012.10.25"]
[Round "7.32"]
[White "Stavast, Dick"]
[Black "Haver, Daan"]
[Result "0-1"]
[WhiteElo "2125"]
[BlackElo "1985"]
[EventDate "2012.10.19"]
[PlyCount "64"]

1.d4 d5 2.c4 e6 3.Nf3 c5 4.cxd5 exd5 5.g3 Nc6 6.Bg2 Nf6 7.O-O Be7 8.Nc3 
O-O 9.Bg5 c4 10.Ne5 Be6 11.e3 h6 12.Bxf6 Bxf6 13.f4 Ne7 14.Rf2 Rb8 15.a4 
a6 16.a5 Bxe5 17.dxe5 Nf5 18.Qe1 d4 19.exd4 Qxd4 20.Rd1 Qa7 21.Ne4 Ne3 22.
Rd6 Rfd8 23.Rb6 Rd1 24.Qxd1 Nxd1 25.Rd2 Ne3 26.Nd6 Nxg2 27.Kxg2 Rd8 28.Rd4
Qb8 29.f5 Bxf5 30.Rxc4 Be6 31.Rc5 f5 32.Rxb7 Qa8 0-1

[Event "16th Unive op"]
[Site "Hoogeveen NED"]
[Date "2012.10.25"]
[Round "7.33"]
[White "Klomp, Robert"]
[Black "Haver, Bas"]
[Result "1-0"]
[WhiteElo "2119"]
[BlackElo "2044"]
[EventDate "2012.10.19"]
[PlyCount "81"]

1.c4 e6 2.Nc3 d5 3.cxd5 exd5 4.d4 c5 5.Nf3 Nc6 6.g3 Nf6 7.Bg2 Be7 8.O-O 
O-O 9.Bg5 c4 10.Ne5 Be6 11.Nxc6 bxc6 12.b3 cxb3 13.axb3 h6 14.Bxf6 Bxf6 
15.Na4 Rb8 16.e3 Rb7 17.Qc2 Qb8 18.Rfb1 Be7 19.Bf1 Rb4 20.Be2 Qb7 21.Bd1 
Rc8 22.Nc5 Bxc5 23.Qxc5 Rc7 24.Rxa7 Qxa7 25.Qxb4 c5 26.dxc5 Rxc5 27.Qd2 
Bh3 28.b4 Qb7 29.Bf3 Rb5 30.Qd4 Qc8 31.Bxd5 Qf5 32.Be4 Qc8 33.Rd1 Rb8 34.
b5 g6 35.b6 Qg4 36.f3 Qe6 37.b7 Qa6 38.Kf2 Kh7 39.g4 Qa2+ 40.Qd2 Qe6 41.
Qd5 1-0

[Event "16th Unive op"]
[Site "Hoogeveen NED"]
[Date "2012.10.25"]
[Round "7.34"]
[White "Van Osch, Mees"]
[Black "Lesman, Francis"]
[Result "0-1"]
[WhiteElo "2083"]
[BlackElo "2100"]
[EventDate "2012.10.19"]
[PlyCount "70"]

1.e4 c6 2.d4 d5 3.Nc3 dxe4 4.Nxe4 Nd7 5.Ng5 Ngf6 6.Bd3 e6 7.N1f3 Bd6 8.Qe2
h6 9.Ne4 Nxe4 10.Qxe4 Qc7 11.Bd2 b6 12.O-O-O Bb7 13.Qe2 O-O-O 14.Kb1 Rhe8 
15.Bc3 Nf6 16.Ne5 Kb8 17.Rhe1 Rc8 18.f4 Nd5 19.Bd2 f6 20.c4 Nb4 21.Ng6 
Nxd3 22.Qxd3 Rcd8 23.Qc2 c5 24.f5 exf5 25.d5 Bc8 26.h4 Kb7 27.Qd3 Bd7 28.
Qf3 Re4 29.Rxe4 fxe4 30.Qxe4 Re8 31.Qc2 Qc8 32.Rf1 Re2 33.Ka1 Rxg2 34.Qd3 
Rg3 35.Qe4 f5 0-1

[Event "16th Unive op"]
[Site "Hoogeveen NED"]
[Date "2012.10.25"]
[Round "7.38"]
[White "Van der Lende, Nathalie"]
[Black "Djuric, Olgica"]
[Result "0-1"]
[WhiteElo "1968"]
[BlackElo "1880"]
[EventDate "2012.10.19"]
[PlyCount "74"]

1.e4 c5 2.c3 g6 3.d4 cxd4 4.cxd4 d5 5.exd5 Nf6 6.Bc4 Nxd5 7.Nc3 Nb6 8.Bb3 
Bg7 9.Be3 O-O 10.h3 Nc6 11.Nf3 Na5 12.O-O Nxb3 13.Qxb3 Be6 14.Qc2 Rc8 15.
Rfd1 Nd5 16.Qd2 Nxc3 17.bxc3 Qa5 18.Rdc1 Rfd8 19.Qb2 b6 20.Nd2 Rd6 21.Nb3 
Qa6 22.Qd2 Bf5 23.g4 Be4 24.Qe1 Ba8 25.Kh2 Qb7 26.Qg1 Rdc6 27.Bd2 e5 28.
Re1 exd4 29.Nxd4 Rd6 30.Bf4 Rd5 31.Rad1 Ra5 32.Rd2 h6 33.Re3 Bxd4 34.cxd4 
Rc1 35.Re8+ Kh7 36.Rxa8 Rxg1 37.Kxg1 Qxa8 0-1